000 00603nam a2200241Ia 4500
003 OSt
005 20221006144632.0
006 a|||||r|||| 00| 0
007 ta
008 221006b |||||||| |||| 00| 0 eng d
020 _c10.00
024 _a12,201
037 _cTextual
040 _aEASL
_cEASL
_beng
041 _2eng
_aeng
082 _aV41.N1, F0
100 _aDOUGLAS Sir Robert K
_9652484
245 0 _aChina
260 _aLondon
_bT Fisher Unwin
_c1940
300 _a492p.
_ccm.
942 _hV41.N1, F0
_cTEXL
_2CC
999 _c1080287
_d1080287